Music Quiz

Random Music or Song Quiz

Top 100 Songs of 2013 (Triple J) Quiz Stats

Quiz not verified by Sporcle

Also try: Color Bands
Challenge
Share
Tweet
* Denotes the song being a cover through the station's like-a-version competition
Score 0/100 Timer 10:00
0 Plays Today
Position Song Title % Correct
2Royals
91.1%
3Get Lucky (ft. Pharrell Williams and Nile Rodgers)
75.1%
39Get Lucky (like-a-version)
75.1%
1Riptide
67%
4Do I Wanna Know?
45.9%
15Team
39%
12Tennis Court
36.3%
6Why'd You Only Call Me When You're High
27.2%
11The Wire
24.9%
18Arabella
22.3%
7Young And Beautiful
21.4%
16Reflektor
20.5%
20Black Skinhead
20%
10Strong
19.8%
17Lose Yourself To Dance (ft. Pharrell Williams)
18.5%
31Diane Young
18.1%
433005
15.6%
27Falling
15.2%
59Bound 2
15.2%
5Drop The Game
15.1%
13Retrograde
14.9%
40Born To Die
14.9%
26Step
14.5%
29My Number
14%
69White Noise (ft. Alunageorge)
12.9%
23When A Fire Starts To Burn
12.7%
28Recover
12.7%
58Instant Crush (ft. Julian Casablancas)
12.7%
30Alive
12.5%
50Love Me Again
12.2%
37Gun
12%
9Is This How You Feel?
11.4%
90Unbelievers
11.3%
54Afterlife
10.7%
Position Song Title % Correct
8Resolution
10.5%
97My God Is The Sun
10.3%
14Covered In Chrome
10.2%
33Ways To Go
10%
22Lanterns
9.8%
49Doin' It Right (ft. Panda Bear)
9.8%
72I Sat By The Ocean
9.8%
24Waiting All Night (ft. Ella Eyre)
9.6%
35Hey Now
9.6%
21Take Me
9.4%
79F**kin Problems (ft. 2 Chainz, Drake and Kendrick Lamar)
9.3%
46If I Had A Tail
8.9%
60Lies
8.9%
45Global Concepts
8.7%
63You And Me
8.7%
36Ratchet
8.5%
51Eat, Sleep, Rave, Repeat
8.5%
61Wasting My Young Years
7.8%
19Given The Chance
7.6%
25Your Body Is A Weapon
7.6%
56If I Could Change Your Mind
7.6%
38Pizza Guy
7.4%
42White Lies
7.1%
47Free (ft. Emeli Sande)
7.1%
70Australia Street
6.9%
64Graceless
6.7%
52Scar
6.4%
41Southern Sun
6.2%
44The Breach
6.2%
73Thank You (ft. Q-Tip, Kanye West and Lil Wayne)
6.2%
75I Spy
6.2%
91Tonight
6.2%
93Elevate
6.2%
34Desert Night
6%
Position Song Title % Correct
71Changing Of The Seasons
6%
100We Are
6%
53Ohio
5.6%
67Act Your Age
5.4%
86Sleepwalking
5.4%
62Embrace
5.3%
95Play With Fire
5.3%
32Smiles Don't Lie
5.1%
55Harlequin Dream
5.1%
57Keep On Running
4.9%
83The End
4.9%
85Sangria
4.9%
87Only One
4.9%
89Brighter Than Gold
4.9%
68Sweet Nothing (like-a-version)
4.7%
74Jessica (ft. Ezra Koenig)
4.7%
92Shadow Moses
4.7%
76Listen To Soul, Listen To Blues
4.5%
78Fantasy
4.5%
80Always
4.5%
81Baby I Am Nobody Now
4.5%
96Luck Now
4.4%
48Stand Still (ft. Micky Green)
4.2%
65Melt (ft. Kilo Kish)
4.2%
88Leeward Side
4.2%
77Youngbloods (ft. Ahren Stringer)
4%
82Dojo Rising
4%
66Ausmusic Month Medley (like-a-version)
3.8%
99Without You (ft. Totally Enormous Extinct Dinosaurs)
3.8%
84Summer Forgive Me
3.6%
98Dead Star Shine
3.6%
94House Of Dreams
3.4%

You're not logged in!

Compare scores with friends on all Sporcle quizzes.
Sign Up with Email
OR
Log In

You Might Also Like...

Show Comments

Extras

Editor's Pick Sep 19, 2016SourceReportNominate
Tags:Song Quiz, 2013, radio, Song List

Top Quizzes Today


Score Distribution

Your Account Isn't Verified!

In order to create a playlist on Sporcle, you need to verify the email address you used during registration. Go to your Sporcle Settings to finish the process.